1829 1673 1557 1774 1416 1592 1783 1284 1049 1067 1754 1634 1755 1950 1589 1255 1711 1867 1505 1134 1368 1313 1856 1606 1618 1332 1102 1970 1157 1434 1302 1165 1617 1279 1671 1041 1141 1190 1953 1903 1470 1943 1200 1429 1830 1104 1552 1144 1301 1290 1839 1011 1687 1977 1998 1210 1113 1039 1064 1671 1332 1026 1045 1053 1595 1318 1675 1413 1531 1000 1268 1997 1364 1695 1505 1323 1141 1722 1521 1533 1118 1549 1180 1154 1351 1240 1367 1000 1273 1160 1061 1616 1834 1389 1113 1470 1772 1025 1982 BCNSPRNW ULIB Ver.6.0+V

เปลี่ยนเป็นภาษาไทย

Change to English
 แสดงรายละเอียดบรรณานุกรม
  กลับหน้าหลัก

Brief Record : Get Marc (ISO 2709) : E-mail record : QR code < ปิดหน้าต่าง
LEADER : 00000nam 2200000uu 4500
001    13399110307
003     ULIB
008    110428s2545||||th 000 0 tha d
020    9747150476
060 04 WM203^bด437 2545
100 0  ดุสิต ลิขนะพิชิตกุล
245 10 พัฒนาการบำบัดสำหรับเด็กออทิสติก ตามแนวทางป้าหมอเพ็ญ /^cดุสิต ลิขนะพิชิตกุล
260    นนทบุรี :^bรักลูก,^c2545
300    [97] หน้า
440  0 ชุดจิตวิทยาและการเลี้ยงดูเด็ก โครงการหนังสือเล่ม ;^vอันดับที่143
504    บรรณานุกรม: หน้า [97]
650  2 Autism, Infantile
650  2 Autistic disorder
650  2 Occupational therapy^xIn infancy & childhood
945    ^p95^l0^i015534
945    ^p95^l0^i015533
945    ^p95^l0^i015532
995    ทศพร
999 ^a ใช้งานได้ทุกระบบ
รายการนี้ยังไม่มีแท็ก
คุณยังไม่ได้ล็อกอิน คุณสามารถมีกิจกรรมร่วมกับเว็บไซต์ได้ แต่ต้องล็อกอินก่อน ::
  ล็อกอิน

รายการสื่อสารสนเทศ

ลำดับที่ ประเภท เลขเรียก/บาร์โค้ด สถานที่ สถานะ
- ไม่พบข้อมูล -

รายการใกล้เคียง
    หัวเรื่อง [Autism, Infantile]
    หัวเรื่อง [Autistic disorder]

BibComment


ยังไม่เคยถูกคอมเมนท์

คอมเมนท์ทรัพยากรรายการนี้
  คอมเมนท์: พัฒนาการบำบัดสำหร..


 Copyright 2026. Bcnsprnw @Library